000 00790nam a2200217Ii 4500
003 JO-AjNU
008 230605s9999||||xx |||||||||||||| ||und||
020 _a977-5125-3-2
040 _aJO-AjNU
_bara
_erda
_cJO-AjNU
041 _aara
050 1 4 _aHG221 2011
100 3 _aعبدالعزيز، سمير محمد,
_eauthor
_932801
245 0 0 _aاقتصاديات وادارة النقود والبنوك في اطار عالمية القرن الحادي والعشرين
250 _aط1
264 3 1 _aالاسكندرية: المكتب العربي الحديث، 2011
300 _a361ص
336 _atext
_btxt
_2rdacontent
337 _aunmediated
_bn
_2rdamedia
338 _avolume
_bnc
_2rdacarrier
650 4 _aالبنوك - النقود - اعمال مصرفية
_932802
999 _aA13284
_c16852
_d16852